[Event "Amber-rapid 09th"]
[Site "Monte Carlo"]
[Date "2000.03.19"]
[Round "4"]
[White "Kramnik, Vladimir"]
[Black "Topalov, Veselin"]
[Result "0-1"]
[WhiteElo "2758"]
[BlackElo "2702"]
[Annotator "Alterman,B"]
[PlyCount "66"]
[EventDate "2000.03.16"]
[EventType "tourn (rapid)"]
[EventRounds "11"]
[EventCountry "MNC"]
[EventCategory "18"]
[SourceTitle "CBM 076"]
[Source "ChessBase"]
[SourceDate "2000.05.31"]
[SourceVersion "1"]
[SourceVersionDate "2000.05.31"]
[SourceQuality "1"]

{[%mdl 8192]} 1. d4 Nf6 2. Nf3 c5 3. d5 b5 4. Bg5 Ne4 5. Bh4 Bb7 6. Qd3 f5 $146
7. Nbd2 c4 8. Qd4 Na6 9. c3 {Kramnik doesn't like position after} (9. Nxe4 fxe4
10. Qxe4 Nb4 11. Rd1 Nxd5 $1 12. c3 (12. Rxd5 Qa5+ 13. c3 Qxa2 $5 {With
unclear game.} (13... e6 $4 14. Qf4 $18 {[%csl Rf7][%cal Gf3e5]}))) 9... Nxd2
10. Qxd2 Qb6 $1 {[%csl Gd5,Re4][%cal Ga6c7,Ga6c5]} 11. O-O-O (11. g4 $6 fxg4
12. Ne5 Qd6) 11... g6 12. Qd4 (12. Bg3 Bg7 $15 {[%cal Gb5b4,Gg7b2]}) 12... Rg8
(12... Qxd4 13. Nxd4 Nc7) 13. e4 Bg7 $5 {[%mdl 2048] Sharp, temping, but
probably not the best. After} (13... Bh6+ 14. Bg5 Qxd4 15. Rxd4 Bxg5+ (15...
fxe4 16. Bxh6 exf3 17. gxf3 $13) 16. Nxg5 h6 17. Nh3 fxe4 18. b3 $13 {the
position is unclear.}) 14. Qxb6 axb6 15. exf5 gxf5 16. Re1 Nc5 {[%mdl 128]} 17.
Rxe7+ Kf8 18. Nd4 (18. Ne5 Bh6+ 19. Kb1 Rg7 20. Rxg7 Bxg7 21. f4 Bxd5 $17)
18... Rxa2 19. Nxf5 $6 {[%mdl 64] Too active. Better was} (19. Kb1 $1 Ra5 (
19... Ra8 $1) 20. Nxf5 Nb3 {And now!} 21. Be2 $3 Ra1+ 22. Kc2 Rxh1 23. Re8+ $3
Kxe8 24. Bh5+ Kf8 25. Be7#) 19... Bxd5 20. Nd6 (20. Kb1 $1 Ra8 21. Nd6 Nb3 22.
Kc2 Be6 23. f4 $36) 20... Ra1+ 21. Kc2 Bh6 22. Re8+ Kg7 23. Rxg8+ (23. Nf5+ Kg6
24. Rxg8+ Bxg8 25. Ne7+ Kg7 26. Nf5+ $11) 23... Bxg8 24. Nf5+ Kg6 25. Nxh6 $4 {
[%mdl 8192] Last mistake. Perpetual check was possible after} (25. Ne7+ $11)
25... Nb3 $1 {[%mdl 64]} 26. Bxc4 Bxc4 27. Rxa1 Nxa1+ 28. Kb1 Nb3 29. Ng4 Kh5
$1 {[%cal Rh5g4,Rh5h4]} 30. Nf6+ Kxh4 31. Nxh7 Bd3+ 32. Ka2 Nc1+ 33. Ka3 Bxh7
0-1

[Event "Amber-rapid 09th"]
[Site "Monte Carlo"]
[Date "2000.03.21"]
[Round "5"]
[White "Nikolic, Predrag"]
[Black "Kramnik, Vladimir"]
[Result "0-1"]
[WhiteElo "2659"]
[BlackElo "2758"]
[Annotator "Lutz,C"]
[PlyCount "58"]
[EventDate "2000.03.16"]
[EventType "tourn (rapid)"]
[EventRounds "11"]
[EventCountry "MNC"]
[EventCategory "18"]
[SourceTitle "CBM 076"]
[Source "ChessBase"]
[SourceDate "2000.05.31"]
[SourceVersion "1"]
[SourceVersionDate "2000.05.31"]
[SourceQuality "1"]

1. d4 Nf6 2. c4 e6 3. Nf3 d5 4. Nc3 c6 5. Qb3 dxc4 6. Qxc4 b5 7. Qd3 Nbd7 8. e4
b4 9. Na4 Qa5 {Anhand der Partien in dieser Variante schließe ich darauf, dass
Schwarz keine Probleme hat. Schwarz kommt zu ...c6-c5. Außerdem ist das Feld
c3 geschwächt.} 10. b3 c5 11. e5 $5 {Da Weiß sowieso die Entwicklung des
Läufers nach e2 folgen läßt, ist es vielleicht genauer, erst 11.Be2 zu spielen,
um noch ...Bb7 herauszukitzeln.} (11. Be2 $5 Bb7 12. e5 Nd5 13. O-O Be7 14. Bd2
O-O 15. Rfc1 Rfc8 16. Qb5 Qxb5 17. Bxb5 N5b6 $11 18. dxc5 Nxc5 19. Nxb6 axb6
20. Nd4 Ne4 21. Be3 Rxc1+ 22. Rxc1 Nc3 23. Rc2 Bc5 24. Bf1 Be4 25. Rd2 Nxa2 26.
Nb5 Nc3 27. Nc7 Rc8 28. Ba6 Rb8 29. Bc4 h6 30. Bxc5 bxc5 31. f3 Bb7 32. Rd7 Kf8
33. h4 h5 34. Kf2 g6 35. Ke3 Nb1 36. Bxe6 fxe6 37. Nxe6+ Ke8 38. Rh7 Bc6 39.
Nxc5 Rb5 40. Ne6 Rxe5+ {0-1 Piket,J-Van Wely,L/Monte Carlo 1999/CBM 69 ext (40)
}) (11. Bg5 cxd4 12. Bxf6 gxf6 13. Nxd4 Bb7 14. Nb5 Nc5 15. Nxc5 Bxc5 16. Rc1
Qb6 17. Rxc5 Qxc5 18. Nd6+ Ke7 19. Nxb7 Qb6 20. e5 fxe5 21. Be2 Rac8 22. Qe4
Rc1+ 23. Bd1 Qd4 24. Qxd4 exd4 25. Na5 $13 {1/2-1/2 Filippov,V-Kharlov,A/
Kemerovo 1995/CBM 50 (88)}) 11... Nd5 12. Be2 cxd4 (12... Bb7 {würde zu
Piket-Van Wely führen. Aber Schwarz hat besseres.}) 13. Qxd4 Ba6 14. Bd2 Be7
15. a3 $6 {Weiß startet eine Initative am Damenflügel, aber schon bald wird er
nicht mehr die Gesier los, die er rief. Er sollte mit 15.Qe4 kleine Brötchen
backen.} (15. Qg4 $6 Bxe2 $1 (15... g6 16. Qe4 O-O 17. O-O) 16. Qxg7 (16. Kxe2
Qb5+) 16... O-O-O 17. Kxe2 Qb5+ 18. Ke1 Qd3 $40) (15. Qe4 $11 {nebst 0-0
sollte zum Ausgleich führen.}) 15... Bxe2 16. Kxe2 Qb5+ $1 (16... O-O $11 {
würde zu problemlosen Ausgleich für Schwarz führen. Aber Kramnik wählt eine
ehrgeizigere Fortsetzung.}) 17. Qc4 Qb8 {Nun hängen der Pe5 und der Pa3. Das
Problem ist jedoch die Fesselung des Nd7. Kramnik muss erkannt haben, dass
Schwarz sich aus dieser Fesselung befreien kann, ohne das Weiß in der
Zwischenzeit etwas erreichen kann.} 18. Qc6 bxa3 {Es wird sich als erstaunlich
schwierig erweisen, diesen Bauern wieder zurückzugewinnen.} 19. Rhc1 a5 $1 {
So einfach ist das: Schwarz bereitet ...Qa7 vor.} 20. Kf1 $2 (20. Nc5 $5 {
sollte noch zum Ausgleich genügen.} Qc8 (20... Ra7 21. Nxd7 Rxd7 22. Qc8+ Qxc8
23. Rxc8+ Rd8 24. Rxd8+ Kxd8 25. Bc1 $11) 21. Qxc8+ Rxc8 22. Nb7 O-O 23. Rxc8
Rxc8 24. Nxa5) 20... Qa7 21. Nd4 (21. Nc3 Nb4 22. Qc4 O-O $36) 21... O-O 22.
Nb5 Qa6 23. Qxa6 (23. Qxd7 Rab8 $17) 23... Rxa6 $17 24. f4 Bb4 $1 25. Rc2 Rb8
26. Nxa3 (26. Nd4 Bxd2 27. Rxd2 Nxf4 $17) 26... Bxd2 27. Rxd2 Rxb3 28. g3 Rc6
29. Nc2 $2 Rxc2 $19 0-1

[Event "Amber-rapid 09th"]
[Site "Monte Carlo"]
[Date "2000.03.22"]
[Round "6"]
[White "Kramnik, Vladimir"]
[Black "Van Wely, Loek"]
[Result "0-1"]
[WhiteElo "2758"]
[BlackElo "2646"]
[Annotator "Ribli,Z"]
[PlyCount "92"]
[EventDate "2000.03.16"]
[EventType "tourn (rapid)"]
[EventRounds "11"]
[EventCountry "MNC"]
[EventCategory "18"]
[SourceTitle "CBM 076"]
[Source "ChessBase"]
[SourceDate "2000.05.31"]
[SourceVersion "1"]
[SourceVersionDate "2000.05.31"]
[SourceQuality "1"]

1. d4 Nf6 2. c4 e6 3. Nf3 d5 4. Nc3 dxc4 {Eine kleine Überraschung - der
holländische Großmeister spielt sehr selten die Wiener Variante mit Schwarz.
(ich habe nur eine Partie gegen Sokolov,I. aus dem Jarhe 1997 gefunden.)} 5. e4
Bb4 6. Bg5 c5 7. Bxc4 {Die alte Variante 7.e5 wird nur noch selten gespielt
und bietet Weiß keinen Vorteil. Wenn es etwas gegen die Wiener Variante gibt,
dann muss man es mit diesem Läuferzug versuchen.} cxd4 8. Nxd4 Bxc3+ 9. bxc3
Qa5 10. Bb5+ {Die Alternative - 10.Bxf6 Qxc3+ 11.Kf1 gxf6 - bietet Weiss
weniger Hoffnungen auf Eröffnungsvorteil, oder - was ist auch gefährlich für
Schwarz - Karpovs Fortsetzung - 10.Nb5.} Bd7 (10... Nbd7) 11. Bxf6 gxf6 12. Qb3
a6 (12... O-O) 13. Be2 Nc6 14. O-O Qc7 {Schwarz hat keine Angst davor, mit dem
König in der Mitte zu bleiben. Und in der Tat, der schwarze König steht
wahrscheinlich besser in der Mitte als z.B. nach kurzer Rochade am
Königsflügel.} (14... O-O) 15. Rab1 (15. Qa3) (15. Rad1) 15... Na5 16. Qa3 Rc8
{Strategisch steht Schwarz ausgezeichnet - der weiße Pc3 ist eine positionelle
Schwäche, der Na5 findet einen guten Stützpunkt auf c4. Das einziges Problem
von Schwarz ist die etwas unsichere Königsstellung.} 17. c4 {Weiß verteidigt
seine Schwäche natürlich nicht, sondern geht mit dem c-Bauern voran. Es ist
bemerkenswert, dass Van Wely - mit Weiß - eine interessante Partie gegen
Rustemov (1999) spielte, in der Schwarz mit 17...Qc5 fortsetzte.} (17. Rfd1 $1
Qxc3 $2 (17... Qc5 $5 18. Qc1 $5) 18. Qd6 $1 Qc7 19. Nf5 exf5 20. Qxf6 O-O $2
21. Rd3 f4 22. Rd5 h6 23. Qxh6 f5 24. Rb6 $1 (24. Qg6+ Kh8 25. Rd3 fxe4 26. Rd5
$1 Bf5 27. Rxf5 Rxf5 28. Qxf5 f3 29. gxf3 $16) 24... Bc6 25. Rxa5 Qh7 (25...
Qxb6 26. Qg6+ Kh8 27. Ra3 $18) 26. Qxf4 {1-0 Kasparov,G-Hjartarson,J/Tilburg
1989/CBM 15/[ChessBase] (26)}) 17... Nxc4 (17... Qc5 18. Qc3 Ke7 $5 (18... e5
19. Nb3 Nxb3 20. axb3 a5 21. Rfd1 Be6 22. h3 $5 O-O $6 (22... Ke7 $11) 23. Qg3+
Kh8 24. Qh4 $14 {1-0 Khalifman,A-Polgar,J/Las Vegas 1999/CBM 72/[Ribli] (44)})
19. Kh1 e5 $1 20. Nc2 Nxc4 $1 (20... Bc6 $2 21. Bd3 {1-0 Van Wely,L-Rustemov,A/
Polanica Zdroj 1999/CBM 73/[VanWely/Cifuentes] (60)}) 21. Bxc4 Qxc4 22. Qxc4
Rxc4 23. Ne3 Rxe4 24. Rxb7 Rd8 25. Rd1 (25. Ra7 Kf8 $1) 25... Ke8 26. Nd5 Rd4
$1) 18. Bxc4 Qxc4 19. Rfd1 Qc3 (19... Qc5 20. Qf3) 20. Qd6 $146 {Natürlich
muss Weiß nach Möglichkeit versuchen, die Damen auf dem Brett zu halten, sonst
kommt Schwarz in ein Endspiel ohne besondere Probleme.} (20. Qxc3 Rxc3 21. Rxb7
Bc8 22. Ra7 O-O 23. Ne2 $36 Rc2 24. Nf4 Kg7 {1/2-1/2 Eingorn,V-Yudasin,L/USSR 
(ch) 1988/Inf 46/[Eingorn,V] (30)}) (20. Nb3 Rg8 $1 21. Kh1 Bc6 22. Rbc1 Qh3
$13) 20... Qc7 21. Qb4 (21. Qa3 Qc3 $11) 21... Rg8 {[%cal Gg8g1][%mdl 2048]}
22. Qd2 (22. Qxb7 $5 e5 (22... Qxb7 23. Rxb7 $14) 23. Qxc7 Rxc7 24. Rb8+ Rc8
25. Rxc8+ Bxc8 26. Nc6 Bd7 27. Rb1 $14) 22... Rg5 $1 $13 {[%cal Gg5a5]} 23. h3
Ba4 24. Rdc1 Rc5 25. Ne2 (25. Rxc5 Qxc5 26. Rxb7 Qc1+ (26... Rd8 27. Qb4 $11)
27. Qxc1 Rxc1+ 28. Kh2 Rc4 $17) 25... Rxc1+ 26. Rxc1 Bc6 $15 {Schwarz kann
zufrieden sein - er hat einen Bauern mehr und Weiß hat keine Drohungen. Im
Gegenteil, Schwarz hat einen starken Bc6 und gute Chancen, die Herrschaft über
die d-Linie zu übernehmen.} 27. Ng3 Rd8 28. Qh6 Qe5 29. Qxh7 Rd2 $36 {[%csl
Gc6,Gd2,Ge5] Die schwarzen Figuren koordinieren gut. Weiß hat zwar materielles
Gleichgewicht erreicht, aber das ist auch schon alles, woran er sich freuen
kann, seine Stellung ist passiv.} 30. Qh8+ Ke7 31. Qh6 Qb2 {[%csl Rf2][%cal
Ra2g2]} 32. Rf1 Bb5 33. e5 $1 {In schwieriger Stellung findet Weiß die einzige
Chance zu Gegenspiel zu kommen.} Bxf1 (33... f5 $5 34. Qh4+ Kd7 35. Qf6 Bxf1
36. Nxf1 Rd1 37. Qxf7+ Kd8 38. Qxe6 Qb5 $19) 34. Qxf6+ Ke8 35. Nxf1 Rd1 36.
Qh8+ Kd7 37. Qf6 $2 (37. Qh5 $1 {[%cal Rh5d1,Rh5f7][%mdl 256] Auf h5 steht die
Dame ausgezeichnet - sie greift gleichzeitig den Pf7 und den Rd1 an.} Qc1 (
37... Rxf1+ 38. Kxf1 Qb1+ 39. Ke2 Qxa2+ 40. Ke3 $11) 38. Qxf7+ Kc8 39. Kh2 $1
Rxf1 40. Qf8+ Kd7 41. Qd6+ Ke8 42. Qxe6+ Kf8 43. Qf6+ Kg8 44. Qd8+ $11) 37...
Qb5 $1 $19 {Die Dame steht ausgezeichnet auf b5 - der Nf1 hängt, und Weiß hat
kein Dauerschach.} (37... Qe2 38. Qxf7+ Kd8 39. Qf8+ Kc7 40. Qe7+ Kb6 $19) 38.
Qxf7+ Kd8 39. Qf8+ Kc7 40. Kh2 Qxf1 (40... Rxf1 $2 41. Qd6+ Kc8 42. Qf8+ Kd7
43. Qd6+ $11) 41. Qe7+ {Weiß kann noch ein paar Schachs geben, aber es gibt
kein Dauerschach - der Rd1 kommt seinem König zu Hilfe.} Rd7 42. Qc5+ Kb8 43.
Qf8+ Ka7 44. Qc5+ b6 {Die siebte Reihe ist verteidigt, nun gewinnt Schwarz
leicht.} 45. Qc6 Rf7 46. f3 Rg7 (46... Rg7 47. Qc2 Qe1 48. Qb2 Rg5 $19) 0-1

[Event "Amber-rapid 09th"]
[Site "Monte Carlo"]
[Date "2000.03.26"]
[Round "9"]
[White "Anand, Viswanathan"]
[Black "Kramnik, Vladimir"]
[Result "1/2-1/2"]
[WhiteElo "2769"]
[BlackElo "2758"]
[Annotator "Rogozenco,D"]
[PlyCount "76"]
[EventDate "2000.03.16"]
[EventType "tourn (rapid)"]
[EventRounds "11"]
[EventCountry "MNC"]
[EventCategory "18"]
[SourceTitle "CBM 076"]
[Source "ChessBase"]
[SourceDate "2000.05.31"]
[SourceVersion "1"]
[SourceVersionDate "2000.05.31"]
[SourceQuality "1"]

1. e4 c5 2. Nf3 Nc6 3. d4 cxd4 4. Nxd4 Nf6 5. Nc3 e5 6. Ndb5 d6 7. Bg5 a6 8.
Na3 b5 9. Bxf6 gxf6 10. Nd5 Bg7 11. c3 f5 12. exf5 Bxf5 13. Nc2 O-O 14. Nce3
Be6 15. Bd3 f5 16. Qh5 (16. O-O) (16. Bc2) 16... e4 17. Bc2 Ne7 18. Bb3 (18.
Nf4 Bf7 19. Bb3 Qd7 20. O-O Be5 21. Bxf7+ Rxf7 22. Nfd5 Nxd5 23. Nxd5 Qe6 {
1/2-1/2 Almasi,Z-Kramnik,V/Dortmund 1998/}) (18. Rd1 Rc8 $1 19. Bb3 Ng6 20. g3
Be5 21. f4 exf3 22. O-O f4 $132 {0-1 Kindermann,S-Van Wely,L/Germany 1998/ (41)
}) 18... Kh8 19. Nf4 (19. Nxe7 Qxe7 20. Nd5 Bxd5 21. Bxd5 Rac8 $11 {Hodova,
L-Flaisigova,P/Plzen 1998}) 19... Bxb3 20. axb3 Qd7 21. Ned5 (21. Rd1 Be5 22.
Ned5 $11) 21... Nxd5 22. Nxd5 f4 $1 23. g3 (23. Nb6 Qc6 24. Nxa8 Bxc3+ 25. Kf1
(25. bxc3 Qxc3+ 26. Ke2 Qb2+ $19) 25... Bxb2 26. Rb1 Rxa8 $17) 23... f3 24. Rd1
Rae8 25. O-O Re5 26. Qh4 Qf7 $15 27. Nf4 Bf6 28. Qh6 Rg8 (28... Rd8 $17 {
is more precise}) 29. Kh1 Rd8 30. Rfe1 d5 (30... Bg5 31. Qh5 Qg8 $17) 31. Qh3
Bg5 32. Qg4 (32. Nd3 Re6 $17 {[%cal Re6h6]}) 32... Rg8 33. c4 Bh6 34. Qh4 Bg5
35. Qg4 bxc4 (35... dxc4 36. Rd7 Be7 $17) 36. bxc4 Bh6 (36... dxc4 37. Rd7 Be7
$17) 37. Qh4 Bg5 38. Qg4 Bh6 1/2-1/2

[Event "Amber-rapid 09th"]
[Site "Monte Carlo"]
[Date "2000.03.27"]
[Round "10"]
[White "Kramnik, Vladimir"]
[Black "Shirov, Alexei"]
[Result "1/2-1/2"]
[WhiteElo "2758"]
[BlackElo "2751"]
[Annotator "Huebner,R"]
[PlyCount "61"]
[EventDate "2000.03.16"]
[EventType "tourn (rapid)"]
[EventRounds "11"]
[EventCountry "MNC"]
[EventCategory "18"]
[SourceTitle "CBM 076"]
[Source "ChessBase"]
[SourceDate "2000.05.31"]
[SourceVersion "1"]
[SourceVersionDate "2000.05.31"]
[SourceQuality "1"]

1. d4 d5 2. c4 c6 3. Nf3 Nf6 4. Nc3 dxc4 5. a4 Bf5 6. Ne5 e6 7. g3 Bb4 8. Bg2
Ne4 9. Bxe4 Bxe4 10. O-O Bg6 11. Nxc4 O-O 12. Qb3 a5 13. Rd1 Nd7 14. Bf4 Qe7 (
14... Nb6 $6 15. Na2 Qd5 16. Rdc1 Nxc4 17. Nxb4 axb4 18. Rxc4 b5 19. Rxb4 Qxb3
20. Rxb3 bxa4 21. Rb4 Bc2 22. Rc4 Bb3 23. Rxc6 Rfc8 24. Rac1 Rxc6 25. Rxc6 f6
26. Bd6 $16 {1-0 Wiedenkeller,M-Matulovic,M/Banja Luka 1987/EXT 97 (51)}) 15.
Na2 Rfd8 16. Nxb4 Qxb4 17. Qc3 c5 18. Qxb4 axb4 19. dxc5 Nxc5 20. Nb6 Bc2 21.
Rdc1 Nb3 22. Nxa8 Nxa1 23. Nb6 Rd1+ 24. Rxd1 Bxd1 25. Kf1 Nc2 26. Bd6 Nd4 27.
Ke1 Bxe2 28. Bc5 Nb3 29. Bxb4 Bf3 30. Nc4 f6 31. Nd2 1/2-1/2

[Event "Fujitsu Siemens Giants"]
[Site "Frankfurt"]
[Date "2000.06.23"]
[Round "4"]
[White "Kramnik, Vladimir"]
[Black "Kasparov, Garry"]
[Result "1/2-1/2"]
[WhiteElo "2758"]
[BlackElo "2851"]
[Annotator "Stohl,I"]
[PlyCount "63"]
[EventDate "2000.06.22"]
[EventType "tourn"]
[EventRounds "10"]
[EventCountry "GER"]
[EventCategory "21"]
[SourceTitle "CBM 078"]
[Source "ChessBase"]
[SourceDate "2000.10.18"]
[SourceVersion "1"]
[SourceVersionDate "2000.10.18"]
[SourceQuality "1"]

1. Nf3 Nf6 2. c4 c5 3. g3 d5 4. cxd5 {Kramnik has already essayed his pet move
4.d4 against Kasparov in Linares this year, now he goes for a line with a
drawish reputation.} Nxd5 5. Bg2 Nc6 6. d4 (6. Nc3 Nc7 {-A34} (6... g6 {-A34}))
6... cxd4 7. Nxd4 Ndb4 8. Nxc6 Qxd1+ 9. Kxd1 Nxc6 10. Nc3 {The only attempt to
keep the position alive, exchanging the Bg2 immediately is too sterile.} (10.
Bxc6+ bxc6 11. Be3 e5 12. Nc3 Bb4 13. Kd2 Be6 14. Rhc1 O-O 15. a3 Be7 16. Na4
Rfb8 17. Bc5 Bg5+ 18. Be3 Be7 19. Bc5 Bg5+ 20. Be3 $11 {1/2,Stohl,I-Timman,J/
BL 9900/2000/}) 10... Bd7 11. Be3 O-O-O $5 (11... e6 12. Rc1 Be7 13. Kc2 O-O
14. Rhd1 Rfd8 15. Kb1 Na5 16. Ne4 Bb5 17. Rxd8+ Rxd8 18. Bc5 (18. Rc7 $5 $36)
18... Kf8 19. Bxe7+ Kxe7 20. Rc5 a6 21. Nc3 Bc6 $11 {1/2,Keres,P-Kortschnoj,V/
Moscow/1963/}) (11... Rc8 12. Rc1 g6 13. f4 Bg7 14. Ke1 O-O 15. Kf2 Be6 (15...
e5 $6 16. Rhd1 Be6 17. Nb5 Bxa2 18. Bc5 Rfd8 19. Bxc6 bxc6 20. Nxa7 Rxd1 21.
Rxd1 Ra8 22. b4 exf4 23. gxf4 Bb3 24. Rd7 Bd5 25. Rc7 $16 {Smirin,I-Alterman,B/
Dresden/1998/}) 16. Rhd1 Rfe8 17. Nd5 Bf5 18. Rc5 e6 19. Nc3 e5 20. Bxc6 exf4
21. gxf4 $132 {1/2,Andersson,U-Farago,I/Rome/1986/}) (11... e5 12. Rc1 O-O-O
13. Kc2 Bf5+ 14. Be4 (14. Kb3 Be6+ 15. Ka4 Nd4 16. Nb5+ Kb8 17. Rc7 Rd7 18.
Bxd4 exd4 19. Rhc1 Be7 20. Rxb7+ Rxb7 21. Bxb7 Kxb7 22. Rc7+ Kb6 23. Rxe7 Rd8
$36 {Speelman,J-Alburt,L/London m 1986/}) 14... Bxe4+ 15. Nxe4 Be7 16. Rhd1
Rxd1 17. Rxd1 Rd8 18. Rxd8+ Kxd8 19. Kb3 Kd7 20. Kc4 Ke6 21. f3 f5 22. Nc3 a6
23. Bb6 Nb8 24. a4 Nd7 25. Nd5 g6 26. e4 Nf6 $11 {Andersson,U-De la Villa
Garcia,J/Szirak/1987/}) (11... g6 12. Rc1 Bg7 13. f4 O-O 14. Ke1 e5 $6 15. Kf2
exf4 16. gxf4 Be6 17. b3 Rad8 18. Ne4 Bd4 19. Nc5 Bxe3+ 20. Kxe3 Rfe8 21. Kf2
Nb4 22. a3 Nd5 23. Nxe6 fxe6 24. e3 Re7 25. Rhd1 Red7 26. Rd4 $14 {Andersson,
U-Leko,P/Ter Apel/1996/}) (11... Rd8 12. Ke1 g6 13. Rc1 Bg7 14. f4 O-O 15. Kf2
e5 {[%csl Rd5,Rd6]} 16. Rhd1 exf4 17. gxf4 Rfe8 18. Ne4 Bg4 19. Rd6 Rxd6 20.
Nxd6 Re7 21. h3 Be6 22. b3 $36 {Tkachiev,V-Fominyh,A/FIDE Wch Groningen/1997/
All these games show Black must very carefully consider e5, which wekens d6
and d5.}) 12. Ke1 $146 (12. Kc2 e5 (12... g6 $142 $5) 13. Rad1 Nd4+ 14. Kb1 Bc5
15. Ne4 Be7 16. f4 f6 17. Bxd4 exd4 18. Rxd4 Bc6 19. Rxd8+ Rxd8 20. Rc1 Kb8 21.
Bf3 Bxe4+ 22. Bxe4 g6 23. Bd3 $14 {/+/-,Kengis,E-Hegeler,F/Gausdal/1991/}) (12.
Kc1 g6 13. Rd1 Bg7 14. Bxc6 Bxc6 15. Bxa7 Bxc3 16. bxc3 Rxd1+ 17. Kxd1 Rd8+ 18.
Ke1 Rd5 $44 {1/2,Milos,G-Morovic Fernandez,I/Santiago/1989/}) 12... e5 $5 {
Kasparov plays this active move before White gets to f4 and Kf2 and also
before commtting his B to g7 (from f8 it protects d6).} (12... g6 13. Rc1 Bg7
14. f4 (14. Nb5 Kb8 15. Bf4+ Be5 $11) 14... Kb8 15. Bc5 Bd4 $5 $11) 13. Rc1 Kb8
14. f4 f5 $1 {[%mdl 256] Active defence.} (14... Bd6 15. Nb5 Bb4+ 16. Kf2 a6
17. Nc3 $14) 15. fxe5 (15. Kf2 e4 16. Rhd1 g6 $11) 15... Nxe5 16. Bf4 Re8 17.
Rd1 Bc6 $132 (17... Kc7 18. Bxe5+ Rxe5 19. Bxb7 $14) 18. Bxc6 bxc6 19. Rd7 g5
$1 20. Bxe5+ (20. Rd8+ Rxd8 21. Bxe5+ Bd6 22. Bxh8 Rxh8 23. Rf1 Rf8 $11) 20...
Rxe5 21. Rf1 (21. Rd8+ Kc7 22. Ra8 Kb7 23. Rd8 Kc7 $11) 21... Bb4 22. Rf7 Rhe8
23. Rf2 Ra5 24. Kf1 (24. R7xf5 $2 Rxa2 $17) 24... Ree5 $5 (24... Bxc3 25. bxc3
Rxa2 26. R2xf5 (26. Rxh7 g4 $11) (26. R7xf5 g4 $11) 26... h6 $5 $13 (26...
Raxe2 27. Rxg5 R2e7 28. Rgg7 $14)) 25. Rxh7 g4 26. Rf7 (26. e4 Bxc3 (26... fxe4
$6 27. a3 $16) 27. bxc3 Rxe4 28. Rd2 Rd5 29. Rb2+ Rb5 $11) 26... Bxc3 27. bxc3
Rxa2 28. R7xf5 Raxe2 $1 $11 29. Rf8+ Re8 30. Rxe8+ Rxe8 31. Rf4 Rg8 32. Ke2
1/2-1/2

[Event "Fujitsu Siemens Giants"]
[Site "Frankfurt"]
[Date "2000.06.24"]
[Round "6"]
[White "Leko, Peter"]
[Black "Kramnik, Vladimir"]
[Result "1-0"]
[WhiteElo "2725"]
[BlackElo "2758"]
[Annotator "Hecht,H"]
[PlyCount "91"]
[EventDate "2000.06.22"]
[EventType "tourn"]
[EventRounds "10"]
[EventCountry "GER"]
[EventCategory "21"]
[SourceTitle "CBM 078"]
[Source "ChessBase"]
[SourceDate "2000.10.18"]
[SourceVersion "1"]
[SourceVersionDate "2000.10.18"]
[SourceQuality "1"]

1. e4 c5 2. Nf3 Nc6 3. d4 cxd4 4. Nxd4 Nf6 5. Nc3 e5 6. Ndb5 d6 7. Bg5 a6 8.
Na3 b5 9. Bxf6 gxf6 10. Nd5 Bg7 11. c3 f5 12. exf5 Bxf5 13. Nc2 O-O 14. Nce3
Be6 15. Bd3 f5 16. a4 b4 17. O-O bxc3 18. bxc3 Kh8 19. Rb1 e4 20. Nf4 Bd7 21.
Bc4 Be5 22. Ne6 Bxe6 23. Bxe6 Qg5 24. Bd5 Rac8 25. Nc4 Ne7 26. Nxe5 dxe5 27. c4
Ng6 28. Kh1 Rcd8 29. Rb6 Rf6 30. a5 Nf4 31. g3 Nxd5 32. cxd5 f4 33. Qe2 Rxd5
34. Qxe4 Rd8 35. h4 Qf5 36. Qxf5 Rxf5 {[#]} 37. g4 Rf7 38. Rxa6 Rd2 (38... e4
39. Re6 Rd4 40. a6 Ra4 {sieht wegen der Möglichkeit e3, falls der Tf1 zieht,
mit Blick auf den Bg4 zäher aus.}) 39. Re6 Re2 40. a6 Ra2 41. Kg2 e4 42. Rxe4
Rxa6 {Jetzt ist die Situation ungleich schlechter, weil der Bf4 zu schwach ist.
} 43. Rd1 Ra3 44. Rdd4 f3+ 45. Kg3 Ra1 46. Rf4 1-0